ArtNews/ (Record no. 3319)

MARC details
000 -LEADER
campo de control de longitud fija 01416nam a22003977a 4500
003 - IDENTIFICADOR DE NÚMERO DE CONTROL
campo de control OSt
005 - FECHA Y HORA DE LA ÚLTIMA TRANSACCIÓN
campo de control 20230412082741.0
008 - DATOS DE LONGITUD FIJA--INFORMACIÓN GENERAL
campo de control de longitud fija 221006b |||||||| |||| 00| 0 eng d
040 ## - FUENTE DE CATALOGACIÓN
Centro/agencia transcriptor Biblioteca Lado V
082 ## - NÚMERO DE LA CLASIFICACIÓN DECIMAL DEWEY
Número de clasificación 707
Número de ítem E79a
100 ## - ENTRADA PRINCIPAL--NOMBRE DE PERSONA
9 (RLIN) 796
Nombre de persona Esterow Milton
Término indicativo de función/relación editor
-- director
245 ## - MENCIÓN DEL TÍTULO
Título ArtNews/
Resto del título The new Chicano Art/
260 ## - PUBLICACIÓN, DISTRIBUCIÓN, ETC.
Nombre del editor, distribuidor, etc. Babcock Galleries
Fecha de publicación, distribución, etc. 2010
Lugar de publicación, distribución, etc. New York
300 ## - DESCRIPCIÓN FÍSICA
Dimensiones 21x28cm
Extensión 128p.
366 ## - INFORMACIÓN SOBRE DISPONIBILIDAD COMERCIAL
Nota eng
490 ## - MENCIÓN DE SERIE
Mención de serie 8
Designación de volumen o secuencia 109
-- 2010
Número Internacional Normalizado para Publicaciones Seriadas 0004 3273
505 ## - NOTA DE CONTENIDO CON FORMATO
Título How Chicano is it?
Mención de responsabilidad Carolina A. Miranda
505 ## - NOTA DE CONTENIDO CON FORMATO
Título Getting Painting Off the Wall
Mención de responsabilidad Ann Landi
505 ## - NOTA DE CONTENIDO CON FORMATO
Título The New Landscape of Chinase Ink Painting
Mención de responsabilidad Barbara Pollack
505 ## - NOTA DE CONTENIDO CON FORMATO
Título The Best Underrated Artists
Mención de responsabilidad Ann Landi
505 ## - NOTA DE CONTENIDO CON FORMATO
Título Art Talk
505 ## - NOTA DE CONTENIDO CON FORMATO
Título News
505 ## - NOTA DE CONTENIDO CON FORMATO
Título Studio
505 ## - NOTA DE CONTENIDO CON FORMATO
Título Looking at Art
505 ## - NOTA DE CONTENIDO CON FORMATO
Título Critic's Pick
650 ## - PUNTO DE ACCESO ADICIONAL DE MATERIA--TÉRMINO DE MATERIA
Fuente del encabezamiento o término Tesauro de Arte & Arquitectura
Término de materia o nombre geográfico como elemento de entrada ARTE
9 (RLIN) 703
650 ## - PUNTO DE ACCESO ADICIONAL DE MATERIA--TÉRMINO DE MATERIA
Fuente del encabezamiento o término Tesauro de Arte & Arquitectura
Término de materia o nombre geográfico como elemento de entrada EXPOSICIONES
650 ## - PUNTO DE ACCESO ADICIONAL DE MATERIA--TÉRMINO DE MATERIA
Fuente del encabezamiento o término Tesauro de Arte & Arquitectura
Término de materia o nombre geográfico como elemento de entrada BIENAL
650 ## - PUNTO DE ACCESO ADICIONAL DE MATERIA--TÉRMINO DE MATERIA
Fuente del encabezamiento o término Tesauro de Arte & Arquitectura
Término de materia o nombre geográfico como elemento de entrada APRECIACION
650 ## - PUNTO DE ACCESO ADICIONAL DE MATERIA--TÉRMINO DE MATERIA
Fuente del encabezamiento o término Tesauro de Arte & Arquitectura
Término de materia o nombre geográfico como elemento de entrada TEORIA
650 ## - PUNTO DE ACCESO ADICIONAL DE MATERIA--TÉRMINO DE MATERIA
Fuente del encabezamiento o término Tesauro de Arte & Arquitectura
Término de materia o nombre geográfico como elemento de entrada CRITICA
650 ## - PUNTO DE ACCESO ADICIONAL DE MATERIA--TÉRMINO DE MATERIA
Fuente del encabezamiento o término Tesauro de Arte & Arquitectura
Término de materia o nombre geográfico como elemento de entrada FOTOGRAFIA
9 (RLIN) 702
650 ## - PUNTO DE ACCESO ADICIONAL DE MATERIA--TÉRMINO DE MATERIA
Fuente del encabezamiento o término Tesauro de Arte & Arquitectura
Término de materia o nombre geográfico como elemento de entrada LITERATURA
650 ## - PUNTO DE ACCESO ADICIONAL DE MATERIA--TÉRMINO DE MATERIA
Fuente del encabezamiento o término Tesauro de Arte & Arquitectura
Término de materia o nombre geográfico como elemento de entrada NEW YORK
942 ## - ELEMENTOS DE ENTRADA SECUNDARIOS (KOHA)
Fuente del sistema de clasificación o colocación Clasificación Decimal Dewey
Tipo de ítem Koha Libros
Parte de la signatura que corresponde a la clasificación (Parte de la clasificación) 707
Parte de la signatura que identifica el ejemplar (Parte del ítem) E79a
Suprimir en OPAC No
Holdings
Estatus retirado Estado de pérdida Fuente del sistema de clasificación o colocación Especificación de materiales (volumen encuadernado u otra parte) Estado de daño No para préstamo Colección Biblioteca de origen Biblioteca actual Fecha de adquisición Enumeración/cronología de publicación seriada Número de inventario Total de préstamos Signatura topográfica completa Código de barras Visto por última vez Precio de reemplazo Tipo de ítem Koha
    Clasificación Decimal Dewey 109     Revistas Biblioteca LadoV Biblioteca LadoV 12/04/2023 8 002761   707 E79a 002761 12/04/2023 12/04/2023 Libros